LEADER 00880cam0 22002651 450 001 SOBE00040817 005 20140228103944.0 100 $a20140228d1948 |||||ita|0103 ba 101 $aita 102 $aIT 200 1 $aCesare$fFrancesco Arnaldi 210 $aMilano$aMessina$cG. Principato$d1948 215 $a173 p.$d22 cm 225 2 $aBiblioteca storica Principato$v29 410 1$1001LAEC00015675$12001 $a*Biblioteca storica Principato$v29 700 1$aArnaldi$b, Francesco$3A600200027525$4070$0330519 801 0$aIT$bUNISOB$c20140228$gRICA 850 $aUNISOB 852 $aUNISOB$jFondo|Cosenza$m160905 912 $aSOBE00040817 940 $aM 102 Monografia moderna SBN 941 $aM 957 $aFondo|Cosenza$b001100$gSI$d160905$hCosenza$rdono$tO$1menle$2UNISOB$3UNISOB$420140228104031.0$520140228111032.0$6menle 996 $aCesare$91089736 997 $aUNISOB LEADER 01176nam0 22002771i 450 001 UON00077065 005 20231205102415.106 100 $a20020107d1930 |0itac50 ba 101 $afre 102 $aFR 105 $a|||| ||||| 200 1 $aA travers le Sud Tunisien$fpar Jean Thomas 210 $aParis$cSociété d'Editions Géographiques, Maritimes et Coloniales$d1930 215 $a93 p., c. di tav.$cill.$d31 cm 316 $adata inesatta$5IT-UONSI B Afr4/0044 606 $aTunisia$xDescrizioni e viaggi$3UONC018769$2FI 620 $aFR$dParis$3UONL002984 676 $a916.1104$cDESCRIZIONI E VIAGGI DELLA TUNISIA$v21 700 1$aTHOMAS$bJean$3UONV047163$0394633 712 $aSociété d'éditions Géographiques, Maritimes et Coloniales$3UONV252537$4650 801 $aIT$bSOL$c20260410$gRICA 899 $aSIBA - SISTEMA BIBLIOTECARIO DI ATENEO E ARCHIVIO STORICO$2UONSI 912 $aUON00077065 950 $aSIBA - SISTEMA BIBLIOTECARIO DI ATENEO E ARCHIVIO STORICO$dSI 4 0044 $eSI MR 1158 7 0044 data inesatta 996 $aA travers le Sud Tunisien$91162893 997 $aUNIOR